US States Without Their Capital's Letters on a Map Quiz Stats

 Plays Quiz Updated Oct 30, 2017

Score 0/50 Timer 05:00
3 Plays Today
% Correct
Florida
89.5%
Texas
88.7%
Alaska
88.7%
Washington
88.1%
North Dakota
87.8%
South Dakota
87.5%
Hawaii
87.2%
Maine
86.8%
New Mexico
86.3%
California
86.3%
Nevada
86.2%
New York
85.8%
Oregon
85.7%
Georgia
85.6%
Pennsylvania
85.3%
Arizona
85.3%
South Carolina
85.3%
West Virginia
84.9%
Louisiana
84.8%
Virginia
84.7%
Montana
84.6%
North Carolina
84.3%
Tennessee
83.8%
Michigan
83.4%
Idaho
83.3%
% Correct
Utah
83.2%
Colorado
82.5%
New Jersey
82.4%
Mississippi
82.3%
Alabama
81.8%
Massachusetts
81.4%
Ohio
81.4%
Kentucky
81.1%
Wyoming
81.1%
Maryland
80.3%
Arkansas
79.6%
New Hampshire
79.3%
Connecticut
79.3%
Kansas
78.9%
Nebraska
78.8%
Minnesota
78.5%
Wisconsin
78.5%
Iowa
78.2%
Missouri
74.4%
Vermont
72.1%
Rhode Island
69.9%
Delaware
66.1%
Indiana
65.9%
Oklahoma
61.4%
Illinois
53.6%

You're not logged in!

Compare scores with friends on all Sporcle quizzes.
OR
Log In

You Might Also Like...

Show Comments

Extras

Top Quizzes Today


Score Distribution

Your Account Isn't Verified!

In order to create a playlist on Sporcle, you need to verify the email address you used during registration. Go to your Sporcle Settings to finish the process.

Report this User

Report this user for behavior that violates our Community Guidelines.

Details: